Zkušenosti s využíváním systému MAPICS/DB.

Charakteristiky systému MAPICS/DB. Spôsob realizácie systému (menu a obrazovky, údržba súborov, grafika, podpora práce skupiny úloh, databáza otázok a odpovedí, podpora rozšíreného prostredia, zmena prostredia systému a inštalácia). Dokumentácia systému. Základné pojmy systému. Štruktúra nákladov. I...

Ausführliche Beschreibung

Gespeichert in:
Bibliographische Detailangaben
1. Verfasser: Jakoubek, V.
Format: Buchkapitel
Sprache:Tschechisch
Schlagworte:
Tags: Tag hinzufügen
Keine Tags, Fügen Sie das erste Tag hinzu!

MARC

LEADER 00000naa a2200000 4500
001 r006930
005 20221125080455.2
041 0 |a cze 
044 |a [CS] 
245 1 0 |a Zkušenosti s využíváním systému MAPICS/DB.  |c V. Jakoubek 
520 |a Charakteristiky systému MAPICS/DB. Spôsob realizácie systému (menu a obrazovky, údržba súborov, grafika, podpora práce skupiny úloh, databáza otázok a odpovedí, podpora rozšíreného prostredia, zmena prostredia systému a inštalácia). Dokumentácia systému. Základné pojmy systému. Štruktúra nákladov. Implementácia systému u používateľov. 
610 2 0 |a systémy informačné 
610 2 0 |a MAPICS/DB 
610 2 0 |a používatelia 
610 2 0 |a jednotka zobrazovacia 
610 2 0 |a báza dát 
610 2 0 |a vstupy 
610 2 0 |a výstupy 
610 2 0 |a pojmy 
610 2 0 |a grafika počítačová 
610 2 0 |a náklady 
100 1 |a Jakoubek, V.